Datum a čas kvízu
15
Celkem bodů
Celkový počet nahraných bodů na tomto kvízu bez doplňovacích otázek.
4.
Pořadí na kvízu
Konečné umístění týmu na tomto kvízu.
Zaznamenané odpovědi
| # | Otázka | Odpověď | Body | Výsledky |
|---|---|---|---|---|
| 1. | Tramvaje Dopravního podniku hl... | NATO | 0 | |
| 2. | Dvaaosmdesátiletý prezident Ab... | Alžírsko | 0 | |
| 3. | Stejně jako je _____ _____ cen... | Skleněný pokoj | 0 | |
| 4. | Od 11. do 17. března proběhl n... | Týden mozku | 0 | |
| 5. | Páteční los určil čtvrtfinálov... | 1A 2C 3D 4B | 1 | |
| 1. | Začneme seriály Breaking Bad (... | metamfetamin | 1 | |
| 2. | Seriál The Crown, popisující ž... | na území Řecka | 0 | |
| 3. | Jak se nazývá velké anglické m... | Birmingham | 0 | |
| 4. | Herečku Robin Wrightovou, jedn... | Forrest Gump | 0 | |
| 5. | Ve filmech jako Tmavomodrý svě... | David Novotný | 0 |